[Event "DVM U20 2021"]
[Site "Kiel GER"]
[Date "2022.07.26"]
[Round "7"]
[White "Rempel, Alexander"]
[Black "Kieselbach, Jannik"]
[Result "0-1"]
[Termination "normal"]
[Board "4.6"]
[WhiteElo "1401"]
[BlackElo "1632"]
[WhiteClock "00:46:13"]
[BlackClock "01:20:43"]
[WhiteTeam "Schachfreunde Augsburg"]
[BlackTeam "SK Lehrte von 1919 e. V."]
[PlyCount "54"]
[WhiteFideId "34618600"]
[BlackFideId "16246403"]
[EventCountry "GER"]
[EventRounds "7"]
[EventType "team-swiss"]
[EventDate "2022.07.22"]

1. e4 {[%clk 01:30:56]} {[%emt 00:00:03]} c5 {[%clk 01:30:53]} {[%emt
00:00:07]} 2. Nf3 {[%clk 01:31:21]} {[%emt 00:00:06]} d6 {[%clk 01:31:22]}
{[%emt 00:00:02]} 3. d4 {[%clk 01:31:39]} {[%emt 00:00:11]} cxd4 {[%clk
01:31:44]} {[%emt 00:00:08]} 4. Nxd4 {[%clk 01:32:04]} {[%emt 00:00:05]} Nf6
{[%clk 01:32:13]} 5. Nc3 {[%clk 01:32:26]} {[%emt 00:00:09]} a6 {[%clk
01:32:41]} {[%emt 00:00:02]} 6. a4 {[%clk 01:32:48]} {[%emt 00:00:08]} e5
{[%clk 01:32:10]} {[%emt 00:01:01]} 7. Nf3 {[%clk 01:33:13]} {[%emt 00:00:05]}
Nc6 {[%clk 01:25:48]} {[%emt 00:06:51]} 8. Bc4 {[%clk 01:31:08]} {[%emt
00:02:36]} h6 {[%clk 01:23:52]} {[%emt 00:02:26]} 9. h3 {[%clk 01:30:15]}
{[%emt 00:01:24]} Be6 {[%clk 01:23:30]} {[%emt 00:00:51]} 10. Qe2 {[%clk
01:25:22]} {[%emt 00:05:22]} Rc8 {[%clk 01:22:57]} {[%emt 00:01:03]} 11. Nd5
{[%clk 01:17:27]} {[%emt 00:08:26]} Bxd5 {[%clk 01:22:19]} {[%emt 00:01:07]}
12. Bxd5 {[%clk 01:14:28]} {[%emt 00:03:29]} Nxd5 {[%clk 01:22:18]} {[%emt
00:00:31]} 13. exd5 {[%clk 01:14:50]} {[%emt 00:00:08]} Qa5+ {[%clk 01:21:55]}
{[%emt 00:00:54]} 14. Qd2 {[%clk 01:07:15]} {[%emt 00:08:05]} Qxd2+ {[%clk
01:22:16]} {[%emt 00:00:08]} 15. Bxd2 {[%clk 01:07:41]} {[%emt 00:00:05]} Ne7
{[%clk 01:22:10]} {[%emt 00:00:35]} 16. O-O-O {[%clk 01:08:01]} {[%emt
00:00:10]} Nxd5 {[%clk 01:21:43]} {[%emt 00:00:57]} 17. Bxh6 {[%clk 01:05:07]}
{[%emt 00:03:25]} Nb4 {[%clk 01:21:46]} {[%emt 00:00:26]} 18. c3 {[%clk
00:47:00]} {[%emt 00:18:37]} Rxh6 {[%clk 01:21:18]} {[%emt 00:00:58]} 19. Kb1
{[%clk 00:46:36]} {[%emt 00:00:55]} Nc6 {[%clk 01:21:37]} {[%emt 00:00:10]} 20.
Rhe1 {[%clk 00:46:41]} {[%emt 00:00:26]} Be7 {[%clk 01:21:43]} {[%emt
00:00:23]} 21. b4 {[%clk 00:46:22]} {[%emt 00:00:49]} Nd8 {[%clk 01:21:00]}
{[%emt 00:01:12]} 22. Kc2 {[%clk 00:46:45]} {[%emt 00:00:08]} Ne6 {[%clk
01:21:00]} {[%emt 00:00:30]} 23. Nd2 {[%clk 00:46:38]} {[%emt 00:00:37]} Nf4
{[%clk 01:20:33]} {[%emt 00:00:57]} 24. g3 {[%clk 00:46:37]} {[%emt 00:00:31]}
Nxh3 {[%clk 01:19:43]} {[%emt 00:01:20]} 25. Re2 {[%clk 00:46:36]} {[%emt
00:00:32]} Ng5 {[%clk 01:20:02]} {[%emt 00:00:10]} 26. Rde1 {[%clk 00:46:47]}
{[%emt 00:00:19]} Ne6 {[%clk 01:20:21]} {[%emt 00:00:11]} 27. f4 {[%clk
00:46:13]} {[%emt 00:01:05]} Nd4+ {[%clk 01:20:43]} {[%emt 00:00:07]} 0-1

[Event "DVM U20 2021"]
[Site "Kiel GER"]
[Date "2022.07.26"]
[Round "7"]
[White "Arndt, Magnus"]
[Black "Eurich, Jannik"]
[Result "0-1"]
[Termination "normal"]
[Board "5.1"]
[WhiteTitle "FM"]
[WhiteElo "2359"]
[BlackElo "1957"]
[WhiteClock "00:39:33"]
[BlackClock "00:42:42"]
[WhiteTeam "SK Doppelbauer Kiel"]
[BlackTeam "SK Langen"]
[PlyCount "196"]
[WhiteFideId "12998656"]
[BlackFideId "16265459"]
[EventCountry "GER"]
[EventRounds "7"]
[EventType "team-swiss"]
[EventDate "2022.07.22"]

1. e4 {[%clk 01:30:57]} {[%emt 00:00:02]} c5 {[%clk 01:30:55]} {[%emt
00:00:05]} 2. Nf3 {[%clk 01:31:22]} {[%emt 00:00:04]} d6 {[%clk 01:31:21]}
{[%emt 00:00:04]} 3. c3 {[%clk 01:31:49]} {[%emt 00:00:04]} Nf6 {[%clk
01:30:58]} {[%emt 00:00:53]} 4. Bd3 {[%clk 01:32:12]} {[%emt 00:00:07]} g6
{[%clk 01:29:51]} {[%emt 00:01:37]} 5. Bc2 {[%clk 01:32:05]} {[%emt 00:00:37]}
Bg7 {[%clk 01:29:08]} {[%emt 00:01:14]} 6. h3 {[%clk 01:25:57]} {[%emt
00:06:37]} O-O {[%clk 01:26:15]} {[%emt 00:03:23]} 7. d4 {[%clk 01:21:41]}
{[%emt 00:04:46]} cxd4 {[%clk 01:23:43]} {[%emt 00:03:02]} 8. cxd4 {[%clk
01:22:09]} {[%emt 00:00:02]} Nc6 {[%clk 01:22:34]} {[%emt 00:01:39]} 9. Nc3
{[%clk 01:22:10]} {[%emt 00:00:29]} a6 {[%clk 01:16:51]} {[%emt 00:06:14]} 10.
O-O {[%clk 01:18:28]} {[%emt 00:04:11]} b5 {[%clk 01:14:21]} {[%emt 00:03:01]}
11. e5 {[%clk 00:55:07]} {[%emt 00:23:50]} Ne8 {[%clk 01:13:17]} {[%emt
00:01:34]} 12. Be4 {[%clk 00:49:41]} {[%emt 00:05:56]} Bb7 {[%clk 01:11:01]}
{[%emt 00:02:46]} 13. Qe2 {[%clk 00:44:58]} {[%emt 00:05:13]} e6 {[%clk
00:53:31]} {[%emt 00:18:00]} 14. Bg5 {[%clk 00:38:01]} {[%emt 00:07:26]} Qd7
{[%clk 00:51:29]} {[%emt 00:02:33]} 15. Rad1 {[%clk 00:35:55]} {[%emt
00:02:35]} d5 {[%clk 00:49:50]} {[%emt 00:02:10]} 16. Bd3 {[%clk 00:34:29]}
{[%emt 00:01:56]} b4 {[%clk 00:46:38]} {[%emt 00:03:42]} 17. Nb1 {[%clk
00:32:14]} {[%emt 00:02:45]} Nc7 {[%clk 00:44:59]} {[%emt 00:02:09]} 18. h4
{[%clk 00:25:06]} {[%emt 00:07:38]} a5 {[%clk 00:42:16]} {[%emt 00:03:13]} 19.
h5 {[%clk 00:23:41]} {[%emt 00:01:55]} Ba6 {[%clk 00:40:05]} {[%emt 00:02:42]}
20. Qe3 {[%clk 00:19:43]} {[%emt 00:04:28]} Bxd3 {[%clk 00:36:56]} {[%emt
00:03:38]} 21. Rxd3 {[%clk 00:19:59]} {[%emt 00:00:13]} Ne7 {[%clk 00:32:19]}
{[%emt 00:05:08]} 22. Qf4 {[%clk 00:18:12]} {[%emt 00:02:17]} Ne8 {[%clk
00:21:39]} {[%emt 00:11:11]} 23. Nbd2 {[%clk 00:12:20]} {[%emt 00:06:22]} a4
{[%clk 00:20:12]} {[%emt 00:01:57]} 24. Re1 {[%clk 00:10:17]} {[%emt 00:02:33]}
Rc8 {[%clk 00:19:51]} {[%emt 00:00:50]} 25. Nh2 {[%clk 00:10:15]} {[%emt
00:00:31]} f6 {[%clk 00:16:22]} {[%emt 00:03:59]} 26. exf6 {[%clk 00:10:36]}
{[%emt 00:00:09]} Nxf6 {[%clk 00:16:45]} {[%emt 00:00:07]} 27. hxg6 {[%clk
00:08:10]} {[%emt 00:02:57]} Nxg6 {[%clk 00:09:58]} {[%emt 00:07:17]} 28. Qe3
{[%clk 00:07:05]} {[%emt 00:01:35]} Rce8 {[%clk 00:09:45]} {[%emt 00:00:44]}
29. Qh3 {[%clk 00:06:20]} {[%emt 00:01:15]} Qd6 {[%clk 00:09:10]} {[%emt
00:01:06]} 30. Rf3 {[%clk 00:05:18]} {[%emt 00:01:31]} e5 {[%clk 00:08:07]}
{[%emt 00:01:33]} 31. dxe5 {[%clk 00:04:33]} {[%emt 00:01:15]} Rxe5 {[%clk
00:08:21]} {[%emt 00:00:16]} 32. Rxe5 {[%clk 00:04:25]} {[%emt 00:00:38]} Qxe5
{[%clk 00:08:50]} {[%emt 00:00:01]} 33. Bxf6 {[%clk 00:04:16]} {[%emt
00:00:40]} Bxf6 {[%clk 00:08:42]} {[%emt 00:00:37]} 34. Ndf1 {[%clk 00:02:57]}
{[%emt 00:01:48]} Bg7 {[%clk 00:06:49]} {[%emt 00:02:23]} 35. Rxf8+ {[%clk
00:02:56]} {[%emt 00:00:31]} Nxf8 {[%clk 00:07:18]} {[%emt 00:00:01]} 36. Qd3
{[%clk 00:02:05]} {[%emt 00:01:20]} Qxb2 {[%clk 00:06:59]} {[%emt 00:00:50]}
37. Qxd5+ {[%clk 00:02:34]} {[%emt 00:00:01]} Kh8 {[%clk 00:07:27]} {[%emt
00:00:02]} 38. Nf3 {[%clk 00:02:57]} {[%emt 00:00:07]} h6 {[%clk 00:06:59]}
{[%emt 00:00:58]} 39. N1d2 {[%clk 00:02:26]} {[%emt 00:01:00]} b3 {[%clk
00:06:12]} {[%emt 00:01:17]} 40. axb3 {[%clk 00:01:28]} {[%emt 00:01:29]} a3
{[%clk 00:06:31]} {[%emt 00:00:10]} 41. Nc4 {[%clk 00:00:56]} {[%emt 00:01:02]}
Qb1+ {[%clk 00:04:25]} {[%emt 00:02:36]} 42. Kh2 {[%clk 00:01:20]} {[%emt
00:00:05]} a2 {[%clk 00:04:35]} {[%emt 00:00:21]} 43. Nce5 {[%clk 00:01:11]}
{[%emt 00:00:39]} a1=Q {[%clk 00:04:36]} {[%emt 00:00:29]} 44. Nf7+ {[%clk
00:01:32]} {[%emt 00:00:09]} Kh7 {[%clk 00:05:01]} {[%emt 00:00:05]} 45. N7g5+
{[%clk 00:01:30]} {[%emt 00:00:31]} hxg5 {[%clk 00:05:13]} {[%emt 00:00:18]}
46. Nxg5+ {[%clk 00:01:57]} {[%emt 00:00:03]} Kg6 {[%clk 00:04:57]} {[%emt
00:00:46]} 47. Qf7+ {[%clk 00:01:59]} {[%emt 00:00:28]} Kxg5 {[%clk 00:04:55]}
{[%emt 00:00:33]} 48. Kg3 {[%clk 00:02:13]} {[%emt 00:00:16]} Qe5+ {[%clk
00:05:14]} {[%emt 00:00:12]} 49. f4+ {[%clk 00:02:37]} {[%emt 00:00:05]} Kh6
{[%clk 00:04:07]} {[%emt 00:01:37]} 50. fxe5 {[%clk 00:02:55]} {[%emt
00:00:12]} Qd3+ {[%clk 00:03:46]} {[%emt 00:00:51]} 51. Qf3 {[%clk 00:01:43]}
{[%emt 00:01:43]} Bxe5+ {[%clk 00:03:09]} {[%emt 00:01:07]} 52. Kh3 {[%clk
00:29:31]} {[%emt 00:02:41]} Qxf3+ {[%clk 00:33:29]} {[%emt 00:00:11]} 53. gxf3
{[%clk 00:30:00]} {[%emt 00:00:01]} Kg5 {[%clk 00:33:51]} {[%emt 00:00:08]} 54.
Kg2 {[%clk 00:30:26]} {[%emt 00:00:04]} Kf4 {[%clk 00:34:09]} {[%emt 00:00:12]}
55. Kf2 {[%clk 00:30:52]} {[%emt 00:00:04]} Bd4+ {[%clk 00:34:28]} {[%emt
00:00:11]} 56. Ke2 {[%clk 00:31:18]} {[%emt 00:00:04]} Ba7 {[%clk 00:34:44]}
{[%emt 00:00:14]} 57. b4 {[%clk 00:31:27]} {[%emt 00:00:21]} Nd7 {[%clk
00:35:06]} {[%emt 00:00:08]} 58. Kd3 {[%clk 00:31:44]} {[%emt 00:00:13]} Kxf3
{[%clk 00:35:31]} {[%emt 00:00:05]} 59. b5 {[%clk 00:30:44]} {[%emt 00:01:30]}
Bb6 {[%clk 00:35:39]} {[%emt 00:00:22]} 60. Kc4 {[%clk 00:30:29]} {[%emt
00:00:46]} Ke4 {[%clk 00:36:03]} {[%emt 00:00:06]} 61. Kc3 {[%clk 00:30:39]}
{[%emt 00:00:19]} Kd5 {[%clk 00:36:23]} {[%emt 00:00:10]} 62. Kd3 {[%clk
00:31:04]} {[%emt 00:00:05]} Kc5 {[%clk 00:36:49]} {[%emt 00:00:04]} 63. Ke4
{[%clk 00:31:30]} {[%emt 00:00:04]} Kxb5 {[%clk 00:37:15]} {[%emt 00:00:04]}
64. Kd5 {[%clk 00:31:53]} {[%emt 00:00:07]} Bc5 {[%clk 00:37:13]} {[%emt
00:00:31]} 65. Ke6 {[%clk 00:31:55]} {[%emt 00:00:28]} Nb6 {[%clk 00:37:39]}
{[%emt 00:00:04]} 66. Ke5 {[%clk 00:32:17]} {[%emt 00:00:08]} Kc4 {[%clk
00:37:56]} {[%emt 00:00:13]} 67. Ke4 {[%clk 00:32:40]} {[%emt 00:00:07]} Bd4
{[%clk 00:38:22]} {[%emt 00:00:04]} 68. Kf5 {[%clk 00:32:59]} {[%emt 00:00:12]}
Kd5 {[%clk 00:38:40]} {[%emt 00:00:11]} 69. Kf4 {[%clk 00:33:24]} {[%emt
00:00:05]} Nc4 {[%clk 00:38:54]} {[%emt 00:00:17]} 70. Kf3 {[%clk 00:33:30]}
{[%emt 00:00:24]} Ke5 {[%clk 00:39:11]} {[%emt 00:00:13]} 71. Kg4 {[%clk
00:33:52]} {[%emt 00:00:07]} Be3 {[%clk 00:39:06]} {[%emt 00:00:35]} 72. Kf3
{[%clk 00:34:15]} {[%emt 00:00:07]} Bf4 {[%clk 00:39:30]} {[%emt 00:00:06]} 73.
Ke2 {[%clk 00:34:25]} {[%emt 00:00:19]} Ke4 {[%clk 00:39:16]} {[%emt 00:00:44]}
74. Kf2 {[%clk 00:34:43]} {[%emt 00:00:11]} Ne5 {[%clk 00:39:28]} {[%emt
00:00:19]} 75. Ke2 {[%clk 00:34:45]} {[%emt 00:00:29]} Be3 {[%clk 00:39:37]}
{[%emt 00:00:20]} 76. Ke1 {[%clk 00:33:45]} {[%emt 00:01:31]} Ng4 {[%clk
00:37:12]} {[%emt 00:02:55]} 77. Kd1 {[%clk 00:32:20]} {[%emt 00:01:54]} Kd3
{[%clk 00:35:56]} {[%emt 00:01:46]} 78. Ke1 {[%clk 00:32:49]} Nf2 {[%clk
00:36:20]} {[%emt 00:00:06]} 79. Kf1 {[%clk 00:33:16]} {[%emt 00:00:03]} Bb6
{[%clk 00:36:19]} {[%emt 00:00:31]} 80. Kg1 {[%clk 00:33:18]} {[%emt 00:00:28]}
Ke3 {[%clk 00:36:40]} {[%emt 00:00:09]} 81. Kg2 {[%clk 00:33:43]} {[%emt
00:00:04]} Bc7 {[%clk 00:36:46]} {[%emt 00:00:24]} 82. Kf1 {[%clk 00:33:53]}
{[%emt 00:00:20]} Kf3 {[%clk 00:37:06]} {[%emt 00:00:11]} 83. Kg1 {[%clk
00:34:18]} {[%emt 00:00:05]} Bd6 {[%clk 00:37:32]} {[%emt 00:00:05]} 84. Kf1
{[%clk 00:34:44]} {[%emt 00:00:04]} Bh2 {[%clk 00:37:58]} {[%emt 00:00:04]} 85.
Ke1 {[%clk 00:35:10]} {[%emt 00:00:03]} Ne4 {[%clk 00:38:22]} {[%emt 00:00:07]}
86. Kd1 {[%clk 00:35:31]} {[%emt 00:00:09]} Ke3 {[%clk 00:38:42]} {[%emt
00:00:10]} 87. Kc2 {[%clk 00:35:46]} {[%emt 00:00:16]} Nd2 {[%clk 00:38:55]}
{[%emt 00:00:17]} 88. Kb2 {[%clk 00:35:39]} {[%emt 00:00:36]} Bd6 {[%clk
00:39:20]} {[%emt 00:00:05]} 89. Kc3 {[%clk 00:36:04]} {[%emt 00:00:05]} Bc5
{[%clk 00:39:46]} {[%emt 00:00:05]} 90. Kc2 {[%clk 00:36:30]} {[%emt 00:00:04]}
Bb4 {[%clk 00:40:12]} {[%emt 00:00:04]} 91. Kb2 {[%clk 00:36:57]} {[%emt
00:00:03]} Kd3 {[%clk 00:40:11]} {[%emt 00:00:31]} 92. Kc1 {[%clk 00:37:11]}
{[%emt 00:00:16]} Nc4 {[%clk 00:40:22]} {[%emt 00:00:19]} 93. Kd1 {[%clk
00:37:25]} {[%emt 00:00:16]} Nb2+ {[%clk 00:40:48]} {[%emt 00:00:04]} 94. Kc1
{[%clk 00:37:51]} {[%emt 00:00:05]} Kc3 {[%clk 00:41:08]} {[%emt 00:00:09]} 95.
Kb1 {[%clk 00:38:17]} {[%emt 00:00:03]} Kb3 {[%clk 00:41:28]} {[%emt 00:00:10]}
96. Kc1 {[%clk 00:38:40]} {[%emt 00:00:07]} Ba5 {[%clk 00:41:53]} {[%emt
00:00:05]} 97. Kb1 {[%clk 00:39:07]} {[%emt 00:00:04]} Bd2 {[%clk 00:42:18]}
{[%emt 00:00:05]} 98. Ka1 {[%clk 00:39:33]} {[%emt 00:00:04]} Nc4 {[%clk
00:42:42]} {[%emt 00:00:06]} 0-1

[Event "DVM U20 2021"]
[Site "Kiel GER"]
[Date "2022.07.26"]
[Round "7"]
[White "Renk, Jonas"]
[Black "Farokhi, Keyvan"]
[Result "0-1"]
[Termination "normal"]
[Board "5.2"]
[BlackTitle "FM"]
[WhiteElo "1897"]
[BlackElo "2332"]
[WhiteClock "00:45:14"]
[BlackClock "01:03:53"]
[WhiteTeam "SK Langen"]
[BlackTeam "SK Doppelbauer Kiel"]
[PlyCount "42"]
[WhiteFideId "16209460"]
[BlackFideId "12998630"]
[EventCountry "GER"]
[EventRounds "7"]
[EventType "team-swiss"]
[EventDate "2022.07.22"]

1. e4 {[%clk 01:30:56]} {[%emt 00:00:03]} c5 {[%clk 01:30:54]} {[%emt
00:00:07]} 2. Nc3 {[%clk 01:31:15]} {[%emt 00:00:11]} a6 {[%clk 01:31:18]}
{[%emt 00:00:06]} 3. Nf3 {[%clk 01:31:39]} {[%emt 00:00:07]} d6 {[%clk
01:31:42]} {[%emt 00:00:05]} 4. d4 {[%clk 01:32:00]} {[%emt 00:00:09]} cxd4
{[%clk 01:32:06]} {[%emt 00:00:06]} 5. Nxd4 {[%clk 01:32:27]} {[%emt 00:00:04]}
Nf6 {[%clk 01:32:27]} {[%emt 00:00:08]} 6. Bg5 {[%clk 01:32:23]} {[%emt
00:00:35]} e6 {[%clk 01:32:50]} {[%emt 00:00:06]} 7. f4 {[%clk 01:32:33]}
{[%emt 00:00:21]} b5 {[%clk 01:32:50]} {[%emt 00:00:30]} 8. Bd3 {[%clk
01:31:30]} {[%emt 00:01:31]} Qb6 {[%clk 01:28:21]} {[%emt 00:05:00]} 9. Bxf6
{[%clk 01:28:09]} {[%emt 00:03:52]} gxf6 {[%clk 01:28:47]} {[%emt 00:00:04]}
10. Qd2 {[%clk 01:27:53]} {[%emt 00:00:46]} Bd7 {[%clk 01:26:49]} {[%emt
00:02:28]} 11. Nb3 {[%clk 01:27:00]} {[%emt 00:01:23]} h5 {[%clk 01:22:12]}
{[%emt 00:05:07]} 12. f5 {[%clk 01:18:39]} {[%emt 00:08:50]} Bh6 {[%clk
01:14:39]} {[%emt 00:08:04]} 13. Qe2 {[%clk 01:17:23]} {[%emt 00:01:46]} Ke7
{[%clk 01:14:17]} {[%emt 00:00:51]} 14. Rf1 {[%clk 01:13:16]} {[%emt 00:04:38]}
Nc6 {[%clk 01:14:01]} {[%emt 00:00:47]} 15. a3 {[%clk 01:06:55]} {[%emt
00:06:51]} Ne5 {[%clk 01:12:22]} {[%emt 00:02:09]} 16. Nd2 {[%clk 00:59:52]}
{[%emt 00:07:33]} Rac8 {[%clk 01:06:55]} {[%emt 00:05:56]} 17. O-O-O {[%clk
00:57:05]} {[%emt 00:03:18]} a5 {[%clk 01:03:34]} {[%emt 00:03:51]} 18. fxe6
{[%clk 00:48:43]} {[%emt 00:08:52]} fxe6 {[%clk 01:03:55]} {[%emt 00:00:09]}
19. Bxb5 {[%clk 00:44:57]} {[%emt 00:04:16]} Rxc3 {[%clk 01:03:55]} {[%emt
00:00:29]} 20. Bxd7 {[%clk 00:45:12]} {[%emt 00:00:16]} Nxd7 {[%clk 01:03:41]}
{[%emt 00:00:44]} 21. bxc3 {[%clk 00:45:14]} {[%emt 00:00:29]} Rb8 {[%clk
01:03:53]} {[%emt 00:00:17]} 0-1

[Event "DVM U20 2021"]
[Site "Kiel GER"]
[Date "2022.07.26"]
[Round "7"]
[White "Rempe, Jonas"]
[Black "Buchholz, Maja"]
[Result "1-0"]
[Termination "normal"]
[Board "5.3"]
[WhiteElo "1861"]
[BlackElo "1879"]
[WhiteClock "00:15:04"]
[BlackClock "00:11:40"]
[WhiteTeam "SK Doppelbauer Kiel"]
[BlackTeam "SK Langen"]
[PlyCount "75"]
[WhiteFideId "16202406"]
[BlackFideId "16200500"]
[EventCountry "GER"]
[EventRounds "7"]
[EventType "team-swiss"]
[EventDate "2022.07.22"]

1. e4 {[%clk 01:30:52]} {[%emt 00:00:06]} c5 {[%clk 01:30:54]} {[%emt
00:00:07]} 2. Nf3 {[%clk 01:31:18]} {[%emt 00:00:04]} Nc6 {[%clk 01:31:19]}
{[%emt 00:00:05]} 3. d4 {[%clk 01:29:07]} {[%emt 00:02:41]} cxd4 {[%clk
01:31:43]} {[%emt 00:00:07]} 4. Nxd4 {[%clk 01:29:34]} {[%emt 00:00:03]} g6
{[%clk 01:31:07]} {[%emt 00:01:05]} 5. Nc3 {[%clk 01:29:59]} {[%emt 00:00:05]}
Bg7 {[%clk 01:31:31]} {[%emt 00:00:06]} 6. Be3 {[%clk 01:30:25]} {[%emt
00:00:03]} Nf6 {[%clk 01:31:37]} {[%emt 00:00:25]} 7. Bc4 {[%clk 01:30:53]}
{[%emt 00:00:02]} O-O {[%clk 01:31:50]} {[%emt 00:00:17]} 8. Bb3 {[%clk
01:31:22]} Re8 {[%clk 01:31:54]} {[%emt 00:00:27]} 9. f3 {[%clk 01:14:12]}
{[%emt 00:17:40]} e6 {[%clk 01:28:07]} {[%emt 00:04:18]} 10. Qd2 {[%clk
01:09:55]} {[%emt 00:04:46]} d5 {[%clk 01:28:17]} {[%emt 00:00:20]} 11. exd5
{[%clk 01:10:04]} {[%emt 00:00:21]} exd5 {[%clk 01:27:37]} {[%emt 00:01:11]}
12. O-O-O {[%clk 01:10:17]} {[%emt 00:00:17]} Na5 {[%clk 01:24:14]} {[%emt
00:03:54]} 13. Rhe1 {[%clk 01:07:34]} {[%emt 00:03:12]} Nc4 {[%clk 01:22:45]}
{[%emt 00:01:59]} 14. Bxc4 {[%clk 00:50:38]} {[%emt 00:17:27]} dxc4 {[%clk
01:23:06]} {[%emt 00:00:09]} 15. Qf2 {[%clk 00:51:03]} {[%emt 00:00:05]} Qa5
{[%clk 01:21:11]} {[%emt 00:02:25]} 16. Ndb5 {[%clk 00:50:06]} {[%emt
00:01:27]} Be6 {[%clk 01:10:36]} {[%emt 00:11:05]} 17. Bxa7 {[%clk 00:47:31]}
{[%emt 00:03:05]} Nd5 {[%clk 00:56:22]} {[%emt 00:14:45]} 18. Bd4 {[%clk
00:38:02]} {[%emt 00:09:58]} Bh6+ {[%clk 00:44:26]} {[%emt 00:12:26]} 19. Kb1
{[%clk 00:32:36]} {[%emt 00:05:56]} Nxc3+ {[%clk 00:43:32]} {[%emt 00:01:24]}
20. Nxc3 {[%clk 00:33:04]} {[%emt 00:00:01]} b5 {[%clk 00:43:05]} {[%emt
00:00:57]} 21. Qh4 {[%clk 00:24:29]} {[%emt 00:09:05]} Bg7 {[%clk 00:43:04]}
{[%emt 00:00:31]} 22. Bxg7 {[%clk 00:24:56]} {[%emt 00:00:04]} Kxg7 {[%clk
00:43:27]} {[%emt 00:00:07]} 23. Re5 {[%clk 00:24:35]} {[%emt 00:00:50]} Red8
{[%clk 00:36:02]} {[%emt 00:07:55]} 24. Rxd8 {[%clk 00:22:51]} {[%emt
00:02:14]} Rxd8 {[%clk 00:36:09]} {[%emt 00:00:24]} 25. Rxb5 {[%clk 00:23:00]}
{[%emt 00:00:22]} Rd1+ {[%clk 00:22:29]} {[%emt 00:14:09]} 26. Nxd1 {[%clk
00:23:09]} {[%emt 00:00:20]} Qxb5 {[%clk 00:22:34]} {[%emt 00:00:26]} 27. Qd4+
{[%clk 00:21:22]} {[%emt 00:02:16]} f6 {[%clk 00:17:48]} {[%emt 00:05:18]} 28.
Nc3 {[%clk 00:21:16]} {[%emt 00:00:36]} Qg5 {[%clk 00:15:14]} {[%emt 00:03:03]}
29. Ne4 {[%clk 00:17:35]} {[%emt 00:04:11]} Qxg2 {[%clk 00:15:13]} {[%emt
00:00:32]} 30. Qxf6+ {[%clk 00:17:59]} {[%emt 00:00:06]} Kh6 {[%clk 00:15:35]}
{[%emt 00:00:09]} 31. a3 {[%clk 00:17:57]} {[%emt 00:00:32]} Qg1+ {[%clk
00:11:46]} {[%emt 00:04:19]} 32. Ka2 {[%clk 00:18:19]} {[%emt 00:00:07]} Qb6
{[%clk 00:11:25]} {[%emt 00:00:50]} 33. Qf8+ {[%clk 00:12:43]} {[%emt
00:06:05]} Kh5 {[%clk 00:11:34]} {[%emt 00:00:24]} 34. Nf6+ {[%clk 00:13:12]}
{[%emt 00:00:01]} Kg5 {[%clk 00:11:19]} {[%emt 00:00:44]} 35. Nxh7+ {[%clk
00:13:39]} {[%emt 00:00:03]} Kh5 {[%clk 00:11:20]} {[%emt 00:00:29]} 36. Nf6+
{[%clk 00:14:08]} {[%emt 00:00:02]} Kg5 {[%clk 00:11:31]} {[%emt 00:00:19]} 37.
Ne4+ {[%clk 00:14:37]} {[%emt 00:00:01]} Kh5 {[%clk 00:11:40]} {[%emt
00:00:21]} 38. Qh8# {[%clk 00:15:04]} {[%emt 00:00:02]} 1-0

[Event "DVM U20 2021"]
[Site "Kiel GER"]
[Date "2022.07.26"]
[Round "7"]
[White "Kürschner, Liam"]
[Black "Günther, Emil"]
[Result "1-0"]
[Termination "normal"]
[Board "5.4"]
[WhiteElo "1891"]
[BlackElo "1799"]
[WhiteClock "00:26:22"]
[BlackClock "00:44:13"]
[WhiteTeam "SK Langen"]
[BlackTeam "SK Doppelbauer Kiel"]
[PlyCount "35"]
[WhiteFideId "34609962"]
[BlackFideId "16228154"]
[EventCountry "GER"]
[EventRounds "7"]
[EventType "team-swiss"]
[EventDate "2022.07.22"]

1. c4 {[%clk 01:30:57]} {[%emt 00:00:02]} Nf6 {[%clk 01:30:54]} {[%emt
00:00:07]} 2. Nf3 {[%clk 01:31:21]} {[%emt 00:00:06]} e6 {[%clk 01:31:19]}
{[%emt 00:00:05]} 3. g3 {[%clk 01:31:46]} {[%emt 00:00:05]} d5 {[%clk
01:31:43]} {[%emt 00:00:05]} 4. d4 {[%clk 01:32:10]} {[%emt 00:00:06]} Be7
{[%clk 01:31:57]} {[%emt 00:00:16]} 5. Bg2 {[%clk 01:32:30]} {[%emt 00:00:11]}
O-O {[%clk 01:32:05]} {[%emt 00:00:23]} 6. O-O {[%clk 01:32:24]} {[%emt
00:00:35]} dxc4 {[%clk 01:30:31]} {[%emt 00:02:04]} 7. Qc2 {[%clk 01:32:42]}
{[%emt 00:00:12]} c5 {[%clk 01:29:50]} {[%emt 00:01:11]} 8. dxc5 {[%clk
01:31:20]} {[%emt 00:01:52]} Na6 {[%clk 01:29:06]} {[%emt 00:01:14]} 9. Nbd2
{[%clk 01:28:46]} {[%emt 00:03:04]} Nxc5 {[%clk 01:27:30]} {[%emt 00:02:05]}
10. Nxc4 {[%clk 01:27:55]} {[%emt 00:01:21]} Bd7 {[%clk 01:22:22]} {[%emt
00:05:38]} 11. Nfe5 {[%clk 01:21:22]} {[%emt 00:07:03]} Rc8 {[%clk 01:09:43]}
{[%emt 00:13:09]} 12. a4 {[%clk 00:51:13]} {[%emt 00:30:40]} b6 {[%clk
01:05:21]} {[%emt 00:04:52]} 13. b4 {[%clk 00:44:19]} {[%emt 00:07:23]} Na6
{[%clk 00:57:22]} {[%emt 00:08:30]} 14. b5 {[%clk 00:41:25]} {[%emt 00:03:23]}
Nb4 {[%clk 00:57:26]} {[%emt 00:00:25]} 15. Qb3 {[%clk 00:40:34]} {[%emt
00:01:21]} Qc7 {[%clk 00:54:51]} {[%emt 00:03:05]} 16. e4 {[%clk 00:28:01]}
{[%emt 00:13:04]} Rb8 {[%clk 00:47:22]} {[%emt 00:07:59]} 17. Bf4 {[%clk
00:27:04]} {[%emt 00:01:27]} Rbc8 {[%clk 00:44:13]} {[%emt 00:03:39]} 18. Nc6
{[%clk 00:26:22]} {[%emt 00:01:12]} 1-0